000 00537nam a2200217Ia 4500
003 OSt
005 20220924135118.0
006 a|||||r|||| 00| 0
007 ta
008 220923b |||||||| |||| 00| 0 ben d
024 _a288610
037 _cTextual
040 _aARTS
_cARTS
_bben
041 _2ben
_aben
082 _aNR2wN1, 157M2
100 _aChoudhuri
_9209750
245 0 _aOstad Alauddin Khan o anyany
260 _c1982
942 _hNR2wN1, 157M2
_cTEXL
_2CC
999 _c439707
_d439707